Herní specialista v somatopedii / Milan Valenta a kol.
Record details
- ISBN: 80-244-0763-9
- Physical Description: 218 s. : il. ; 21 cm
- Edition: 2., přeprac. vyd.
- Publisher: Olomouc : Univerzita Palackého, 2003
Content descriptions
| Bibliography, etc. Note: | Obsahuje bibliografie |
Search for related items by subject
| Subject: | herní specialisté somatopedie nemocnice vývoj dítěte hra nemocné děti play specialists somatology hospitals child development play diseases of children |
| Genre: | příručky handbooks and manuals |
Available copies
- 1 of 1 copy available at Common Catalog SPOK.
Holds
- 0 current holds with 1 total copy.
Show Only Available Copies
| Location | Call Number / Copy Notes | Barcode | Shelving Location | Status | Due Date |
|---|---|---|---|---|---|
| Jabok Library | PeS-5.1/V | 424480028190 | Odborná literatura | Available | - |
| LDR | 01728cam a2200505 a 4500 | ||
|---|---|---|---|
| 001 | 17449 | ||
| 003 | CZ-PrJAB | ||
| 005 | 20220517123326.0 | ||
| 007 | tu | ||
| 008 | 040505s2003 xr a e 000 0 cze | ||
| 015 | . | ‡acnb001309411 | |
| 020 | . | ‡a80-244-0763-9 ‡q(brož.) | |
| 035 | . | ‡a(CZ PrNK)cpk20041309411 | |
| 035 | . | ‡a(OCoLC)85099380 | |
| 040 | . | ‡aOLA001 ‡bcze ‡dABA001 | |
| 072 | 7. | ‡a376 ‡xVýchova a vzdělávání zvláštních skupin osob ‡2Konspekt ‡922 | |
| 080 | . | ‡a376.112.4:371.382 ‡2MRF | |
| 080 | . | ‡a376 ‡2MRF | |
| 080 | . | ‡a614.2:725.511 ‡2MRF | |
| 080 | . | ‡a159.922.72 ‡2MRF | |
| 080 | . | ‡a616.1/.9-053.2 ‡2MRF | |
| 080 | . | ‡a(035) ‡2MRF | |
| 100 | 1 | . | ‡aValenta, Milan, ‡d1958- ‡7jn20010310214 ‡4aut |
| 245 | 1 | 0. | ‡aHerní specialista v somatopedii / ‡cMilan Valenta a kol. |
| 250 | . | ‡a2., přeprac. vyd. | |
| 260 | . | ‡aOlomouc : ‡bUniverzita Palackého, ‡c2003 | |
| 300 | . | ‡a218 s. : ‡bil. ; ‡c21 cm | |
| 504 | . | ‡aObsahuje bibliografie | |
| 650 | 0 | 7. | ‡aherní specialisté ‡7ph250059 ‡2czenas |
| 650 | 0 | 7. | ‡asomatopedie ‡7ph125838 ‡2czenas |
| 650 | 0 | 7. | ‡anemocnice ‡7ph123221 ‡2czenas |
| 650 | 0 | 7. | ‡avývoj dítěte ‡7ph127471 ‡2czenas |
| 650 | 0 | 7. | ‡ahra ‡7ph125799 ‡2czenas |
| 650 | 0 | 7. | ‡anemocné děti ‡7ph137524 ‡2czenas |
| 650 | 0 | 9. | ‡aplay specialists ‡2eczenas |
| 650 | 0 | 9. | ‡asomatology ‡2eczenas |
| 650 | 0 | 9. | ‡ahospitals ‡2eczenas |
| 650 | 0 | 9. | ‡achild development ‡2eczenas |
| 650 | 0 | 9. | ‡aplay ‡2eczenas |
| 650 | 0 | 9. | ‡adiseases of children ‡2eczenas |
| 655 | 7. | ‡apříručky ‡7fd133209 ‡2czenas | |
| 655 | 9. | ‡ahandbooks and manuals ‡2eczenas | |
| 910 | . | ‡aABG312 | |
| 901 | . | ‡a17449 ‡bCZ PrNK ‡c17449 ‡tbiblio | |